Administrative and technical infrasturcture of a national food and nutrition programme. (Record no. 13)
[ view plain ]
| 000 -LEADER | |
|---|---|
| fixed length control field | 00497nam a2200109Ia 4500 |
| 008 - FIXED-LENGTH DATA ELEMENTS--GENERAL INFORMATION | |
| fixed length control field | 180412s9999||||xx |||||||||||||| ||und|| |
| 040 ## - CATALOGING SOURCE | |
| Original cataloging agency | Ahmadu Bello University Library - Zaria |
| 100 ## - MAIN ENTRY--PERSONAL NAME | |
| Personal name | ANDRE, L. M. |
| 245 #0 - TITLE STATEMENT | |
| Title | Administrative and technical infrasturcture of a national food and nutrition programme. |
| Statement of responsibility, etc. | L. M. Andre. |
| 260 ## - PUBLICATION, DISTRIBUTION, ETC. | |
| Place of publication, distribution, etc. | Accra. |
| Name of publisher, distributor, etc. | Regional Food and Nutrition Commission for Africa |
| Date of publication, distribution, etc. | 1972 |
| 300 ## - PHYSICAL DESCRIPTION | |
| Extent | 26p. |
| 600 ## - SUBJECT ADDED ENTRY--PERSONAL NAME | |
| Personal name | Clinical nutrition and dietetics. Assessment of nutritional status. Dietetic diseases in general. |
No items available.